00441nam a2200157Ia 450000100060000000800410000602000070004704000130005408200230006710000270009024500690011726000530018630000110023954600120025065000210026244790140428s9999 xx 000 0 und d aNA cPK-LaUMT aRHC 891.551bASA-Q aAsad Ullah Khan Ghalib aQasaaid o masnaviyaat-e-faarsi (Persian)cAsad Ullah Khan Ghalib aLahore,Pakistan:bPunjab University Press,c1969 avar p. aPersian aFarsi literature